<?xml version="1.0" encoding="UTF-8"?>
<record
    xmlns:xsi="http://www.w3.org/2001/XMLSchema-instance"
    xsi:schemaLocation="http://www.loc.gov/MARC21/slim http://www.loc.gov/standards/marcxml/schema/MARC21slim.xsd"
    xmlns="http://www.loc.gov/MARC21/slim">

  <leader>02984nam a2200337 a 4500</leader>
  <controlfield tag="003">OSt</controlfield>
  <controlfield tag="005">20250617134912.0</controlfield>
  <controlfield tag="007">cr ||||||a|a|a</controlfield>
  <controlfield tag="008">250616s2025    mx a|||fom||| 001 0 spa d</controlfield>
  <datafield tag="040" ind1=" " ind2=" ">
    <subfield code="e">rda</subfield>
  </datafield>
  <datafield tag="100" ind1="1" ind2=" ">
    <subfield code="a">Gaona Vences, Hiddai Ximena</subfield>
    <subfield code="9">190473</subfield>
  </datafield>
  <datafield tag="245" ind1="1" ind2="0">
    <subfield code="a">Identificaci&#xF3;n morfol&#xF3;gica y molecular del pat&#xF3;geno causante del mildi&#xFA; en el cultivo de espinaca (Spinacia oleracea L.) en Quecholac, Puebla /</subfield>
    <subfield code="c">por Hiddai Ximena Gaona Vences; director de tesis Manuel Alejandro Tejeda Reyes; secretario Moises Camacho Tapia; vocal Isabel Nativitas Lima; suplente Calixto Leopoldo Carrillo Fonseca; suplente Jaime Alfredo Urzua Gutierrez.</subfield>
  </datafield>
  <datafield tag="264" ind1=" " ind2="1">
    <subfield code="a">Chapingo, M&#xE9;xico :</subfield>
    <subfield code="b">El autor,</subfield>
    <subfield code="c">2024.</subfield>
  </datafield>
  <datafield tag="300" ind1=" " ind2=" ">
    <subfield code="a">1 recurso en l&#xED;nea (44 p&#xE1;ginas):</subfield>
    <subfield code="b">cuadros, figuras.</subfield>
  </datafield>
  <datafield tag="336" ind1=" " ind2=" ">
    <subfield code="2">rdacontent</subfield>
    <subfield code="a">texto</subfield>
    <subfield code="b">txt</subfield>
  </datafield>
  <datafield tag="337" ind1=" " ind2=" ">
    <subfield code="2">rdamedia</subfield>
    <subfield code="a">computadora</subfield>
    <subfield code="b">c</subfield>
  </datafield>
  <datafield tag="338" ind1=" " ind2=" ">
    <subfield code="2">rdacarrier</subfield>
    <subfield code="a">recurso en l&#xED;nea</subfield>
    <subfield code="b">cr</subfield>
  </datafield>
  <datafield tag="502" ind1=" " ind2=" ">
    <subfield code="b">IAEPA</subfield>
    <subfield code="c">Parasitolog&#xED;a</subfield>
    <subfield code="d">2024.</subfield>
    <subfield code="g">LIC</subfield>
  </datafield>
  <datafield tag="504" ind1=" " ind2=" ">
    <subfield code="a">Incluye referencias bibliogr&#xE1;ficas: p&#xE1;ginas 41-42.</subfield>
  </datafield>
  <datafield tag="520" ind1=" " ind2=" ">
    <subfield code="a">Mediante microscopia de luz y secuenciaci&#xF3;n de ADN se identific&#xF3; a Peronospora effusa como el agente causal del mildi&#xFA; en el cultivo de espinaca en Quecholac, Puebla.Para lograr este objetivo, se llevaron a cabo muestreos sistem&#xE1;ticos en diferentes &#xE1;reas del cultivo de espinaca en Quecholac, Puebla. Las muestras de tejido infectado fueron recolectadas y sometidas a an&#xE1;lisis morfol&#xF3;gicos y moleculares. Para el an&#xE1;lisis morfol&#xF3;gico, se emplearon t&#xE9;cnicas de microscop&#xED;a &#xF3;ptica y electr&#xF3;nica para estudiar las caracter&#xED;sticas morfol&#xF3;gicas de las estructuras del hongo. Paralelamente, se realizaron an&#xE1;lisis moleculares utilizando t&#xE9;cnicas de biolog&#xED;a molecular, como la reacci&#xF3;n en cadena de la polimerasa (PCR), seguida de la secuenciaci&#xF3;n del ADN, para identificar y caracterizar molecularmente la presencia de Peronospora effusa. Los resultados de este estudio revelaron la presencia de Peronospora effusa en las plantaciones de espinaca. Los an&#xE1;lisis morfol&#xF3;gicos proporcionaron informaci&#xF3;n detallada sobre las caracter&#xED;sticas microsc&#xF3;picas de las estructuras del hongo, mientras que los an&#xE1;lisis moleculares confirmaron la identificaci&#xF3;n precisa de Peronospora effusa mediante la amplificaci&#xF3;n y secuenciaci&#xF3;n de marcadores gen&#xE9;ticos espec&#xED;ficos.</subfield>
  </datafield>
  <datafield tag="650" ind1=" " ind2="4">
    <subfield code="a">Peronospora effusa</subfield>
    <subfield code="x">Identificaci&#xF3;n</subfield>
    <subfield code="9">190679</subfield>
  </datafield>
  <datafield tag="650" ind1=" " ind2="4">
    <subfield code="a">Espinacas </subfield>
    <subfield code="x"> enfermedades por hongos </subfield>
    <subfield code="9">174424</subfield>
  </datafield>
  <datafield tag="650" ind1=" " ind2="4">
    <subfield code="a">Hongos fitopat&#xF3;genos</subfield>
    <subfield code="x">Identificaci&#xF3;n</subfield>
    <subfield code="9">131720</subfield>
  </datafield>
  <datafield tag="700" ind1="1" ind2=" ">
    <subfield code="a">Tejada Reyes, Manuel Alejandro</subfield>
    <subfield code="e">director de tesis.</subfield>
    <subfield code="9">190662</subfield>
  </datafield>
  <datafield tag="700" ind1="1" ind2=" ">
    <subfield code="a">Camacho Tapia, Moises</subfield>
    <subfield code="9">17710</subfield>
    <subfield code="e">secretario.</subfield>
  </datafield>
  <datafield tag="700" ind1="1" ind2=" ">
    <subfield code="a">Nativitas Lima, Isabel</subfield>
    <subfield code="9">129577</subfield>
    <subfield code="e">vocal.</subfield>
  </datafield>
  <datafield tag="700" ind1=" " ind2=" ">
    <subfield code="a">Carrillo Fonseca, Calixto</subfield>
    <subfield code="9">164654</subfield>
    <subfield code="e">suplente.</subfield>
  </datafield>
  <datafield tag="700" ind1="1" ind2=" ">
    <subfield code="a">Urz&#xFA;a Guti&#xE9;rrez, Jaime Alfredo</subfield>
    <subfield code="e">suplente.</subfield>
    <subfield code="9">117018</subfield>
  </datafield>
  <datafield tag="856" ind1=" " ind2=" ">
    <subfield code="u">http://10.13.5.2/tesis/tl/1610807-6_GAONA_VENCES_HIDDAIXIMENA.pdf</subfield>
    <subfield code="z">DESCARGAR PDF</subfield>
  </datafield>
  <datafield tag="942" ind1=" " ind2=" ">
    <subfield code="2">Clasificaci&#xF3;n Universidad Aut&#xF3;noma Chapingo</subfield>
    <subfield code="c">TD</subfield>
  </datafield>
  <datafield tag="999" ind1=" " ind2=" ">
    <subfield code="c">220617</subfield>
    <subfield code="d">220617</subfield>
  </datafield>
  <datafield tag="952" ind1=" " ind2=" ">
    <subfield code="0">0</subfield>
    <subfield code="1">0</subfield>
    <subfield code="2">local</subfield>
    <subfield code="4">0</subfield>
    <subfield code="5">1</subfield>
    <subfield code="7">0</subfield>
    <subfield code="8">TesDigL</subfield>
    <subfield code="a">BD</subfield>
    <subfield code="b">BD</subfield>
    <subfield code="c">E_L</subfield>
    <subfield code="d">2025-06-16</subfield>
    <subfield code="l">0</subfield>
    <subfield code="o">Tesis digital</subfield>
    <subfield code="r">2025-06-16 12:32:30</subfield>
    <subfield code="w">2025-06-16</subfield>
    <subfield code="y">TD</subfield>
  </datafield>
</record>
